Blitz: Does It Contain 'E'? Quiz Stats

 Plays Quiz Updated Mar 18, 2015

Challenge
Share
Tweet
Embed
Score 0/80 Timer 01:00
1 Play Today
Word (Y)es or (N)o? % Correct
northeastern???
79.3%
eclipse???
79.2%
infrequently???
79%
treachery???
79%
completeness???
78.9%
chronic???
78.9%
deserving???
78.8%
wilt???
78.8%
fronts???
78.8%
avow???
78.8%
italics???
78.7%
simplify???
78.7%
ruby???
78.7%
interchange???
78.7%
demise???
78.6%
hooks???
78.6%
aiming???
78.6%
million???
78.6%
tarnish???
78.5%
pancreatic???
78.5%
sings???
78.5%
unpaid???
78.4%
suction???
78.4%
scripts???
78.4%
griffin???
78.4%
watt???
78.4%
canopy???
78.4%
nonprofit???
78.4%
transmitting???
78.4%
incremental???
78.3%
abandoning???
78.3%
anxiously???
78.3%
furnishing???
78.3%
dachshund???
78.3%
sculptor???
78.3%
deployed???
78.2%
atrial???
78.2%
spousal???
78.2%
daft???
78.1%
beacon???
78.1%
Word (Y)es or (N)o? % Correct
inbox???
78.1%
protein???
78.1%
flashing???
78.1%
auspicious???
78%
disarm???
78%
scanty???
78%
barbarians???
78%
worksheet???
78%
synergy???
77.9%
signaling???
77.9%
constitutional???
77.7%
cheerfully???
77.7%
uniquely???
77.7%
triangular???
77.7%
inert???
77.6%
stratification???
77.5%
mammalian???
77.5%
lantern???
77.3%
toast???
77.2%
confessions???
77.1%
enforcing???
77%
lethal???
76.9%
discriminate???
76.8%
symmetric???
76.7%
allergic???
76.1%
devils???
75.9%
growers???
75.9%
imposes???
75.8%
tintinnabulate???
75.6%
groves???
75.1%
furnishes???
74.8%
imperialist???
74.7%
mechanically???
74.7%
summarizes???
74.3%
overly???
74%
characteristic???
73.4%
metaphysical???
73.1%
awoke???
71.9%
massage???
69.4%
sinister???
62.6%

You're not logged in!

Compare scores with friends on all Sporcle quizzes.
OR
Log In

You Might Also Like...

Show Comments

Extras

Top Quizzes Today


Score Distribution

Your Account Isn't Verified!

In order to create a playlist on Sporcle, you need to verify the email address you used during registration. Go to your Sporcle Settings to finish the process.

Report this User

Report this user for behavior that violates our Community Guidelines.

Details: